The social imperative : (Record no. 11039)

000 -LEADER
fixed length control field 03056cam a22004937i 4500
001 - CONTROL NUMBER
control field 19273307
005 - DATE AND TIME OF LATEST TRANSACTION
control field 20221229195954.0
008 - FIXED-LENGTH DATA ELEMENTS--GENERAL INFORMATION
fixed length control field 160913t20172017nyuab b 001 0 eng
010 ## - LIBRARY OF CONGRESS CONTROL NUMBER
LC control number 2016953801
020 ## - INTERNATIONAL STANDARD BOOK NUMBER
International Standard Book Number 9780989331791
020 ## - INTERNATIONAL STANDARD BOOK NUMBER
International Standard Book Number 0989331792
035 ## - SYSTEM CONTROL NUMBER
System control number (OCoLC)on1018313718
040 ## - CATALOGING SOURCE
Original cataloging agency AU@
Language of cataloging eng
Description conventions rda
Transcribing agency AU@
Modifying agency OCLCO
-- YDX
-- OCLCF
-- WTU
-- BDX
-- KSU
-- UWW
-- NRC
-- OCLCQ
-- DLC
042 ## - AUTHENTICATION CODE
Authentication code lccopycat
043 ## - GEOGRAPHIC AREA CODE
Geographic area code a-cc---
050 00 - LIBRARY OF CONGRESS CALL NUMBER
Classification number NA2543.S6
Item number S614 2017
082 04 - DEWEY DECIMAL CLASSIFICATION NUMBER
Classification number 720.1/030951
Edition number 23
245 04 - TITLE STATEMENT
Title The social imperative :
Remainder of title architecture and the city in China /
Statement of responsibility, etc. edited by H. Koon Wee.
250 ## - EDITION STATEMENT
Edition statement First edition.
264 #1 - PRODUCTION, PUBLICATION, DISTRIBUTION, MANUFACTURE, AND COPYRIGHT NOTICE
Place of production, publication, distribution, manufacture New York :
Name of producer, publisher, distributor, manufacturer Actar Publishers,
Date of production, publication, distribution, manufacture, or copyright notice 2017.
264 #4 - PRODUCTION, PUBLICATION, DISTRIBUTION, MANUFACTURE, AND COPYRIGHT NOTICE
Date of production, publication, distribution, manufacture, or copyright notice ©2017
300 ## - PHYSICAL DESCRIPTION
Extent 360 pages :
Other physical details illustrations, maps ;
Dimensions 21 cm
336 ## - CONTENT TYPE
Content type term text
Content type code txt
Source rdacontent
336 ## - CONTENT TYPE
Content type term still image
Content type code sti
Source rdacontent
337 ## - MEDIA TYPE
Media type term unmediated
Media type code n
Source rdamedia
338 ## - CARRIER TYPE
Carrier type term volume
Carrier type code nc
Source rdacarrier
520 ## - SUMMARY, ETC.
Summary, etc. This book contains multiple short critiques, reflections and manifestos, affording each contributing architect and intellectual the time and space to imagine new social paradigms in China. Emerging from a tumultuous history of high culture and complex territorial conditions, there is nothing straightforward about the social development of China. The complexity of the social practices developed by architects and shapers of the built environment can be explained in part by the last three decades of an intensified adoption of the market economy by the Communist Party of China, after an equally short three decades of closed-door communist control. There is no political meltdown like the democratization of the former Communist Bloc, but there is a constant managing of discontent and resistance across China. At the apex of the many creative and intellectual forces in China, architects harbor and give form to many tactics of resistance. Unfortunately, architects are also the instruments and minds complicit with profit-mongering developers and governments, pursuing unchecked urbanization, degradation of the environment, exploitation of the marginalized, and the creation of a very inequitable China.
504 ## - BIBLIOGRAPHY, ETC. NOTE
Bibliography, etc. note Includes bibliographical references and index.
650 #0 - SUBJECT ADDED ENTRY--TOPICAL TERM
Topical term or geographic name entry element Architecture and society
Geographic subdivision China
General subdivision History
Chronological subdivision 21st century.
650 #0 - SUBJECT ADDED ENTRY--TOPICAL TERM
Topical term or geographic name entry element Architecture and state
Geographic subdivision China
General subdivision History
Chronological subdivision 21st century.
650 #0 - SUBJECT ADDED ENTRY--TOPICAL TERM
Topical term or geographic name entry element Urbanization
Geographic subdivision China.
650 #0 - SUBJECT ADDED ENTRY--TOPICAL TERM
Topical term or geographic name entry element Cities and towns
Geographic subdivision China
General subdivision Growth.
650 #7 - SUBJECT ADDED ENTRY--TOPICAL TERM
Topical term or geographic name entry element Architectural design.
Source of heading or term fast
Authority record control number or standard number (OCoLC)fst00813184
650 #7 - SUBJECT ADDED ENTRY--TOPICAL TERM
Topical term or geographic name entry element Architecture and state.
Source of heading or term fast
Authority record control number or standard number (OCoLC)fst00813586
650 #7 - SUBJECT ADDED ENTRY--TOPICAL TERM
Topical term or geographic name entry element City planning.
Source of heading or term fast
Authority record control number or standard number (OCoLC)fst00862177
651 #0 - SUBJECT ADDED ENTRY--GEOGRAPHIC NAME
Geographic name China
General subdivision Social conditions
Chronological subdivision 2000-
651 #7 - SUBJECT ADDED ENTRY--GEOGRAPHIC NAME
Geographic name China.
Source of heading or term fast
Authority record control number or standard number (OCoLC)fst01206073
700 1# - ADDED ENTRY--PERSONAL NAME
Personal name Wee, H. Koon,
Relator term editor.
710 2# - ADDED ENTRY--CORPORATE NAME
Corporate name or jurisdiction name as entry element AA Asia,
Relator term sponsoring body.
906 ## - LOCAL DATA ELEMENT F, LDF (RLIN)
a 7
b cbc
c copycat
d 2
e epcn
f 20
g y-gencatlg
925 0# -
-- acquire
-- 1 shelf copy
-- policy default
Holdings
Withdrawn status Lost status Source of classification or shelving scheme Damaged status Not for loan Permanent Location Current Location Date acquired Source of acquisition Cost, normal purchase price Total Checkouts Barcode Date last seen Date last checked out Cost, replacement price Price effective from Koha item type
          BMS College of Architecture, Design and Planning BMS College of Architecture, Design and Planning 2023-03-06 9 2094.20 1 AR-PG559 2025-11-28 2025-03-25 2991.72 2023-03-06 PG Books
Copyright © 2025, The Librarian, Library and Information Centre, BMSCA D&P, Bengaluru. All Rights Reserved
web counter

Powered by Koha